000 01168nam a22002537a 4500
005 20170124103120.0
010 _aB-155096
020 _c190.00
_a8171243614
035 _aB-155096
037 _bCen Lib/Ret
040 _aDPL
_bHN
082 _a820.8
_bजैनज्ञ
100 _aजैन, ज्ञानचंद
_981647
245 _aभारतेंदु हरिश्चंद्र :
_c ज्ञानचंद जैन
_bएक व्यक्तित्व -चित्र /
246 _aBhartendu harishchandr : ek vyaktitv chitr
_bby Gyanchand Jain
260 _aवाराणसी
_bविश्वविद्यालय प्रकाशन
_c2004
270 _aचौक
_bवाराणसी
_e221001
300 _a148पृष्ठ.
_c21सेमी(सजिल्द)
650 _aहिंदी साहित्य
_981648
650 _aहिंदी नाटकों के जन्मदाता - भारतेंदु
_981649
650 _aHindi literature
_981650
650 _aHindi plays the father - Bharatendu
_981651
942 _2ddc
_cHN
_h820.8
_mजैनज्ञ
999 _c118729
_d118729